000 00705nam a2200253Ia 4500
003 OSt
005 20220925203158.0
006 a|||||r|||| 00| 0
007 ta
008 220923b |||||||| |||| 00| 0 eng d
020 _a9065440127
037 _cGeneral Book
040 _aRTL
_cRTL
_beng
041 _2eng
_aeng
082 _aX:517-75.5.N7, M1
100 _aBarack Boaz
_9264988
245 0 _aApplication of the competition rules of the Europe
260 _aDeventer
_bKluwer
_c1981
300 _axxix,433p
_ccm.
500 _aBibliography: P xviii-xxix
650 _aMonopoly
942 _hX:517-75.5.N7, M1
_cGB
_2CC
999 _c545415
_d545415